|
|
|
|
| LEADER |
00994nam a2200277 4500 |
| 001 |
c000061934 |
| 003 |
CARM |
| 005 |
00000000000000.0 |
| 008 |
720721s1972 cau b 00000 eng |
| 019 |
1 |
|
|a 588513
|5 LACONCORD2021
|
| 020 |
|
|
|a 0875891403
|
| 035 |
|
|
|a (OCoLC)388877
|5 LACONCORD2021
|
| 043 |
|
|
|a n-us---
|
| 050 |
0 |
0 |
|a LC5131
|b .R49
|
| 245 |
0 |
0 |
|a Rethinking urban education.
|c Herbert J. Walberg [and] Andrew T. Kopan, editors.
|
| 250 |
|
|
|a [1st ed.]
|
| 260 |
|
|
|a San Francisco,
|b Jossey-Bass,
|c 1972.
|
| 300 |
|
|
|a xv, 334 p.
|c 24 cm.
|
| 504 |
|
|
|a Includes bibliographical references.
|
| 650 |
|
0 |
|a Education, Urban
|z United States.
|
| 700 |
1 |
|
|a Walberg, Herbert J.,
|d 1937-
|e ed.
|
| 700 |
1 |
|
|a Kopan, Andrew T.,
|e ed.
|
| 852 |
8 |
|
|b CARM
|h A2:AI22E0
|i C04431
|p 0183310
|f BK
|
| 082 |
0 |
4 |
|a 370.19/348
|
| 999 |
f |
f |
|i 790488ee-8844-5f15-95fc-4e32ed6b4f93
|s c53407d8-5981-55ab-a596-d8c2a146ba63
|
| 952 |
f |
f |
|p Can circulate
|a CAVAL
|b CAVAL
|c CAVAL
|d CARM 1 Store
|e C04431
|f A2:AI22E0
|h Other scheme
|i book
|m 0183310
|